Govt. of
Madhya Pradesh

Dictionary of Literary biography (Record no. 35292)

MARC details
000 -LEADER
fixed length control field 004740000a22001810004500
003 - CONTROL NUMBER IDENTIFIER
control field MACL
005 - DATE AND TIME OF LATEST TRANSACTION
control field 20160101172352.0
008 - FIXED-LENGTH DATA ELEMENTS--GENERAL INFORMATION
fixed length control field 160101b xxu||||| |||| 00| 0 eng d
040 ## - CATALOGING SOURCE
Original cataloging agency MACL
Transcribing agency MACL
041 ## - LANGUAGE CODE
Language code of text/sound track or separate title English
082 ## - DEWEY DECIMAL CLASSIFICATION NUMBER
Classification number 403/COU
100 ## - MAIN ENTRY--PERSONAL NAME
Personal name Cousin, John W
9 (RLIN) 26784
245 ## - TITLE STATEMENT
Title Dictionary of Literary biography
Remainder of title English and American
260 ## - PUBLICATION, DISTRIBUTION, ETC. (IMPRINT)
Name of publisher, distributor, etc. J M Dent & Sons Ltd
Date of publication, distribution, etc. 1958
Place of publication, distribution, etc. London
350 ## - PRICE (NR) (BK AM CF MU VM SE) [OBSOLETE]
Price 20
650 ## - SUBJECT ADDED ENTRY--TOPICAL TERM
Topical term or geographic name as entry element Dictionary
9 (RLIN) 26785
942 ## - ADDED ENTRY ELEMENTS (KOHA)
Koha item type Books
Call number prefix 403/COU
Source of classification or shelving scheme
Holdings
Withdrawn status Lost status Source of classification or shelving scheme Damaged status Not for loan Home library Current library Date acquired Total Checkouts Full call number Barcode Date last seen Uniform Resource Identifier Price effective from Koha item type
          MACL MACL 15/04/2015   403/COU CLE014584 29/04/2015 35500 15/04/2015 Books